| 000 | 00547nam a2200193Ia 4500 | ||
|---|---|---|---|
| 003 | LDD | ||
| 008 | 181029s9999 xx 000 0 und d | ||
| 020 |
_a184334128X _cP 39.95 |
||
| 040 | _cLDD | ||
| 100 | _aFourie, Ina | ||
| 245 | 0 |
_aHow lis professionals can use alerting services _cIna Fourie |
|
| 260 |
_aEngland _bChandos _c2006 |
||
| 300 | _axvi, 178p. | ||
| 365 | _bP 39.95 | ||
| 901 |
_a3878 _b14-03-2007 |
||
| 902 |
_a1373 _b16-03-2007 _cF _dBB _eSOSS |
||
| 903 |
_aDiscount-10 _bReqst by : Uma kanjilal |
||
| 942 |
_2ddc _cBK |
||
| 999 |
_c78706 _d78706 |
||